Deutsche Philosophen - Sudden Death - Statistiken

Allgemein
  • Dieses Quiz wurde 219 mal gespielt
  • Das Durchschnittsergebnis liegt bei 11 aus 15
Answers on the Grid
Answers color-coded by a green-red scale on the quiz's grid according to % correct below.
Arthur Schopenhauer
Immanuel Kant
Auguste Comte
Georg Wilhelm Friedrich Hegel
Karl Jaspers
Demokrit
John Locke
Jacques Maritain
Friedrich Nietzsche
Karl Marx
Friedrich Engels
Max Scheler
Martin Heidegger
Ludwig Feuerbach
Herbert Marcuse
José Ortega y Gasset
Gottfried Wilhelm Leibniz
René Descartes
Baruch Spinoza
Jean-Paul Sartre
Thomas Aquinas
Ludwig Wittgenstein
Hans-Georg Gadamer
Edmund Husserl
Voltaire
 
Antwortstatistiken
Antwort % Korrekt
Friedrich Nietzsche
90%
Karl Marx
88%
Immanuel Kant
87%
Gottfried Wilhelm Leibniz
84%
Friedrich Engels
83%
Georg Wilhelm Friedrich Hegel
82%
Arthur Schopenhauer
79%
Martin Heidegger
78%
Ludwig Feuerbach
75%
Ludwig Wittgenstein
74%
Karl Jaspers
70%
Max Scheler
70%
Hans-Georg Gadamer
69%
Edmund Husserl
59%
Herbert Marcuse
43%
Keine übereinstimmenden Quizze gefunden
Verteilung der Resultate
Anzahl Personen mit jedem Resultat
Perzentil nach korrekt beantworteten Fragen
Ihre Resultats-Entwicklung
Sie haben dieses Quiz noch nicht gespielt